000 00788nam a2200229 i 4500
001 191584
003 ES-MaACL
005 20240209063126.0
008 220930q1836 fr 000|0 fre d
040 _aCU-SB.
_cCU-SB.
_dUNAV
100 1 _aLamennais, Félicité.
_969843
245 1 0 _aAffaires de Rome :
_bdes maux de l'église et de la société. /
_cFélicité Lamennais.
250 _aNouvelle éd.
260 _aParis :
_bGarnier,
_c[1836?]
300 _a393 p. ;
_c18 cm.
490 1 _aOeuvres de F. Lamennais
546 _aFrench.
830 1 _aOeuvres de F. Lamennais
_9226047
852 4 _aES-MaACL
_9198868
_jD-3217
_dOlim : 175-D-98
_zRevisado y localizado enero 2024
_zFalta: recuento 1986, agosto 2022
_cSVI
942 _2udc
999 _c191584
_d191584